| 000 | nam a22 7a 4500 | ||
|---|---|---|---|
| 999 |
_c329112 _d329112 |
||
| 003 | ASAB | ||
| 005 | 20170424132105.0 | ||
| 008 | 170424b xxu||||| |||| 00| 0 eng d | ||
| 020 | _a978-81-7035-629-5 | ||
| 040 | _cASAB | ||
| 082 | _a635 | ||
| 100 | _aH.R. Sardana | ||
| 245 | _aSustainable crop protection strategies | ||
| 260 |
_aNew Delhi _bDaya Publishing House _cc2010 |
||
| 300 | _a424 P. | ||
| 440 | _vset of 2 volumes. | ||
| 942 |
_2ddc _cBK |
||